| 000 | 00490nam a2200205Ia 4500 | ||
|---|---|---|---|
| 003 | 0100 | ||
| 008 | 130227s9999 xx 000 0 und d | ||
| 040 | _cARRUPELIB | ||
| 050 | _aBR127.B33 1989 | ||
| 100 | _aBarnes, Michael | ||
| 245 | _aReligions in conversation | ||
| 245 | _bchristian identity and religious pluralism | ||
| 260 | _aLondon | ||
| 260 | _bSPCK | ||
| 260 | _C1989 | ||
| 300 | _axi | ||
| 300 | _b 200p. 23cm. | ||
| 650 | _bSelf - actualization | ||
| 942 |
_2lcc _03 |
||
| 999 |
_c4237 _d4237 |
||